000 00995nam a2200229Ia 4500
008 130821s2007 xxua gr eng
020 _a9780199218462
040 _aCo-BoUCM
_bspa
041 0 0 _aeng
100 1 _aBinmore, Ken
_d1940-
_983335
245 1 0 _aGame theory a very short introduction
_cKen Binmore
260 _aNueva York (Estados Unidos)
_bOxford University Press
_c2007
300 _a184 páginas
_bilustraciones
504 _aIncluye referencias bibliográficas e índice.
505 _aThe name of the game. -- Chance. -- Time. -- Conventions. -- Reciprocity. -- Information. -- Auctions. -- Evolutionary biology. -- Bargaining and coalitions. -- Puzzles and paradoxes.
650 0 4 _aMatemáticas
_919031
650 0 4 _aModelos matemáticos
_97842
650 0 4 _aTeoría de los juegos
_925291
856 4 2 _zTabla de Contenido
_uhttp://www.loc.gov/catdir/toc/ecip084/2007046448.html
942 _a25
_e1
_kR
_mB613g
_cLIBRO
_2DEWEY
_h519.3
999 _c64427
_d64427